Je peux pas j'ai Noah (Record no. 14000)

MARC details
010 ## - Numéro international normalisé du livre (ISBN)
ISBN 9782958694258
Disponibilité et/ou prix 6 EUR
099 ## - Visibilité opac
notice masquée en opac Non
100 ## - Données générales de traitement
Données générales de traitement 20251222d2025 m y0frey50 ba
101 0# - Langue de la ressource
Langue du texte, de la bande son, etc. français
102 ## - Pays de publication ou de production
Pays de publication France
200 1# - Titre et mention de responsabilité
Titre propre Je peux pas j'ai Noah
Indication générale du type de document Livre
214 #0 - Mentions de production, publication, diffusion et manufacture
Nom de l’éditeur La Maison Théâtre
Date de publication 2025
214 #3 - Mentions de production, publication, diffusion et manufacture
Nom de l’éditeur Impr. OTT IMPRIMEUR
215 ## - Description physique
Nombre de pages 1 vol. (29 p.)
225 1# - Collection
Titre de la collection Les cahiers théâtre
Numéro de collection n° 22
323 ## - Nombre de personnages
Texte de la note 5 personnages
330 ## - Résumé ou extrait
Texte de la note Mila et Noah, c est LE couple dans la cour du collège. Il et elle ne se quittent plus et les autres semblent gêner Noah. Est-ce au nom de l amour qu il se fâche à propos d une jupe que Mila portait pour lui plaire ? Pourquoi lui imposet- il une relation exclusive qui l engloutit chaque jour un peu plus ? Heureusement, Capu, son amie, est l une des branches auxquelles Mila pourra s accrocher pour retrouver le goût de la vie. Catherine Verlaguet aborde avec beaucoup de délicatesse et de subtilité la question de la relation amoureuse qui, dès le plus jeune âge, peut être toxique. Essentiel, surtout dès les premiers émois.
610 ## - Mot-clé
Mot-clé jeunesse
-- adolescence
-- romance
700 ## - Auteur principal
Nom Verlaguet
Prénom Catherine
105 ## - Zone de données codées : textes, monographies
Données codées sur les monographies textuelles ||||z 00|||
181 #0 - Zone de données codées : Forme de la ressource
Données de liaison entre champs 01
Forme du contenu selon l’ISBD sous forme codée i
Qualificatif(s) du contenu selon l’ISBD sous forme codée xxxe
181 ## - Zone de données codées : Forme de la ressource
Données de liaison entre champs 02
Autre référentiel utilisé pour coder la forme du contenu texte
Code du référentiel rdacontent
182 #0 - Zone de données codées : type de média
Données de liaison entre champs 01
Type de médiation selon l’ISBD sous forme codée sans média
182 ## - Zone de données codées : type de média
Données de liaison entre champs 02
Autre référentiel utilisé pour coder le type de médiation sans média
Code du référentiel rdamedia
214 #0 - Mentions de production, publication, diffusion et manufacture
Lieu de publication, production, distribution/diffusion, fabrication Strasbourg
214 #3 - Mentions de production, publication, diffusion et manufacture
Lieu de publication, production, distribution/diffusion, fabrication 67-Wasselone
215 ## - Description physique
Dimensions 21 cm
225 1# - Collection
Titre de partie dès 11 ans
700 ## - Auteur principal
Eléments ajoutés aux noms autres que les dates Auteur du texte
801 #0 - Origine de la notice
Pays FR
Agence de catalogage FR-751131015
Date de la transaction 20251222
Règles de catalogage utilisées AFNOR
Identifiant d'origine FRBNF486709430000007
Code du format utilisé intermrc
856 #2 - Adresse électronique et mode d’accès
Uniform Resource Identifier 1147944
Numéro d'accès Première de couverture
000 -Etiquette de la notice
Leader 01729nam a2200397 4500
003 - Identifiant de la notice
Identifiant http://catalogue.bnf.fr/ark:/12148/cb48670943t
005 - Identifiant de la version
Identifiant 20260113164025.0
073 #0 - EAN
Numéro normalisé 9782958694258
Holdings
Exclu du prêt Date de création Site actuel Code barre Date prix de remplacement Cote Statut Site de rattachement Type de document Koha
  13.01.2026 Théâtre Joliette JOL-007701 13.01.2026 TH JP VER 5   Théâtre Joliette Livre